00435cam a22001097a 4500008004000000082001600040100007500056245010800131260004300239300001000282700003300292180718b1976 xxu||||| |||| 00| 0 eng d aH51x54 In2r aIndia. Joint Committee on the Code of Civil Procedure (Amendment) Bill aThe Code of Civil Procedure (Amendment) Bill, 1974: report of Joint Committeecby Lok Sabha Secretariat aNew DelhibLok Sabha Secretariatc1976 a228+p aIndia. Lok Sabha Secretariat